000
00422nam a2200133Ia 4500
008
151001s9999||||xx |||||||||||||| ||und||
100
_a
ए जी नांदेडवाला
245
_a
महाराष्ट्र प्रादेशिक व नवररचना
250
_a
1
260
_b
शिवांश पब्लिकेशन
260
_c
2003
300
_a
327
365
_b
21
999
_c
985596
_d
985593